Every John and Hank Green Endeavor - Statistics

General Stats
  • This quiz has been taken 9 times
    5 since last reset
  • The average score is 29 of 68
Answer Stats
Type of Project Brother(s) Primarily Involved Answer % Correct
Educational Channel John and Hank CrashCourse
100%
Online Community John and Hank Nerdfighteria
100%
Book John The Anthropocene Reviewed
100%
Review Podcast John The Anthropocene Reviewed
100%
Novel John The Fault in Our Stars
100%
Movie (as original writer) John The Fault in Our Stars
100%
Novel John Turtles All The Way Down
100%
Movie (as actor, original writer, and executive producer) John Turtles All The Way Down
100%
Annual Online Media Convention John and Hank VidCon
100%
Vlog Channel John and Hank Vlogbrothers/Brotherhood 2.0
100%
Novel John An Abundance of Katherines
80%
"Comedy" Podcast John and Hank Dear Hank & John
80%
Game Company Hank DFTBA Games
80%
Record Label/Merchandise Company John and Hank DFTBA Records
80%
Movie (as original writer) John Dil Bechara
80%
Book John Everything Is Tuberculosis
80%
Subscription and Merchandising Company John and Hank Good Store
80%
Novel John Looking for Alaska
80%
Limited Series (as original writer and executive producer) John Looking for Alaska
80%
Novel John Paper Towns
80%
Movie (as actor and original writer) John Paper Towns
80%
Holiday (but also a Fundraiser Event) John and Hank Pizzamas
80%
Science Channel Hank SciShow
80%
Novel (sequel) Hank A Beautifully Foolish Endeavor
60%
Novel Hank An Absolutely Remarkable Thing
60%
Educational Video Company John and Hank Complexly
60%
Movie (as original writer) John Let It Snow
60%
Novel John Let It Snow: Three Holiday Romances (A Cheertastic Christmas Miracle)
60%
Stand Up Comedy Special Hank Pissing Out Cancer
60%
Annual Charity Movement John and Hank Project for Awesome
60%
Novel John Will Grayson, Will Grayson
60%
Movie-watching Tool Hank 2-D Glasses
40%
Youtube Interview Show Hank Ask Hank Anything
40%
Solo Album Hank Ellen Hardcastle
40%
Gaming Channel John and Hank Hankgames
40%
Crowdfunding System Hank Subbable
40%
Extracts of a Fictional Novel John An Imperial Affliction
20%
Comedy Podcast Hank Delete This
20%
AFC Wimbledon Stadium Stand John John Green Stand
20%
Storytelling Convention Hank Nerdcon: Stories
20%
Solo Album Hank So Jokes
20%
Nonprofit Organization John and Hank The Foundation to Decrease World Suck
20%
Solo Album Hank This Machine Pwns n00bs
20%
Health and Fitness Channel John 100 Days
0%
Short Story Hank A Naturalist on Hoth (From A Certain Point of View: The Empire Strikes Back)
0%
Morning Show Hank Cereal Time
0%
Anthology John Freak the Geek (Geektastic: Stories from the Nerd Herd)
0%
Gaming Channel Hank GamesWithHank
0%
Science Podcast Hank Holy Fucking Science
0%
Lifeskills Channel John and Hank How to Adult
0%
Solo Album Hank I'm So Bad At This: Live!
0%
Album (Hank Green and the Perfect Strangers) Hank Incongruent
0%
Single Hank My Favorite Pony
0%
Modern Adaptation Production Company Hank Pemberley Digital
0%
Anthology John Reasons (What You Wish For: A Book for Darfur)
0%
Sex Education Channel Hank Sexplanations
0%
Anthology John The Approximate Cost of Loving Caroline (Twice Told)
0%
Art Webseries John The Art Assignment
0%
Activity Book Hank The Book of Good Times
0%
Science Channel Hank The Brain Scoop
0%
Unfinished/Unreleased Novel John The Racket
0%
Unifnished/Unreleased Novel John The Sequel
0%
Novella (sequel) John The War For Banks Island
0%
Novella John This Is Not Tom
0%
YouTube Game Show Hank Truth or Fail
0%
Anthology John Tthe Great American Morp (21 Proms)
0%
Single John and Hank We Are All Batpeople
0%
Novella John Zombicorns
0%
No matching quizzes found
Score Distribution
Percent of People with Each Score
Percentile by Number Answered
Your Score History
You have not taken this quiz since the last reset